Statistics for Brendan Rodgers' Liverpool Signings

Click here to take the quiz!

General Stats

  • This quiz has been taken 123 times
  • The average score is 16 of 31

Answer Stats

HintAnswer% Correct
2013Simon Mignolet
82%
2012Daniel Sturridge
81%
2014Dejan Lovren
80%
2015Nathaniel Clyne
78%
2014Adam Lallana
77%
2014Rickie Lambert
73%
2015Roberto Firmino
72%
2012Joe Allen
71%
2012Philippe Coutinho
71%
2015James Milner
66%
2014Mario Balotelli
66%
2014Alberto Moreno
64%
2015Christian Benteke
62%
2012Fabio Borini
58%
2013Mamadou Sakho
57%
2014Emre Can
56%
2014Divock Origi
53%
2013Iago Aspas
46%
2015Joe Gomez
41%
2013Kolo Toure
41%
2014Lazar Markovic
41%
2015Danny Ings
37%
2013Luis Alberto
35%
2012Nuri Sahin
30%
2015Adam Bogdan
28%
2014Javier Manquillo
25%
2013Victor Moses
25%
2013Aly Cissokho
22%
2012Oussama Assaidi
21%
2013Tiago Ilori
16%
2012Samed Yesil
12%

Score Distribution

Percentile by Number Answered

Percent of People with Each Score

Your Score History

You have not taken this quiz